BIBLIOTECA PODER JUDICIAL
Portal Judicial TDF

Ley de Identidad de Género : (Registro nro. 6272)

000 -LEADER
fixed length control field 01473nab a22002537a 4500
003 - CONTROL NUMBER IDENTIFIER
control field OSt
005 - DATE AND TIME OF LATEST TRANSACTION
control field 20260128200546.0
008 - FIXED-LENGTH DATA ELEMENTS--GENERAL INFORMATION
fixed length control field 190514b xxu||||| |||| 00| 0 spa d
040 ## - CATALOGING SOURCE
Transcribing agency PJ
100 ## - MAIN ENTRY--PERSONAL NAME
9 (RLIN) 6681
Personal name Pérez Ovalle, Pamela B.
245 13 - TITLE STATEMENT
Title Ley de Identidad de Género :
Statement of responsibility, etc un colectivo en peligro. Análisis del DNU 62/2025 a la luz de los derechos humanos y de los principios convencionales de protección de las adolescencias transgéneros /
Remainder of title Pamela B. Pérez Ovalle.
300 ## - PHYSICAL DESCRIPTION
Extent p. 127-137
500 ## - GENERAL NOTE
General note Cita: TR LALEY AR/DOC/2711/2025.
505 ## - FORMATTED CONTENTS NOTE
Formatted contents note Sumario: I. Introducción. Palabras preliminares.— II. Nuestra Ley de Identidad de Género.— III. Los hechos del caso.— IV. Primero lo primero. Del control de constitucionalidad del DNU 62/2025.— V. El control de convencionalidad como principio rector de la protección interamericana de derechos humanos.— VI. Reflexiones finales.
505 ## - FORMATTED CONTENTS NOTE
Title Fallo comentado: JFed., Paraná Nro 2 ~ 16/04/2025 ~ P., G. A. y otro c. OSECAC s/ amparo ley 16.986.
650 #0 - SUBJECT ADDED ENTRY--TOPICAL TERM
9 (RLIN) 967
Topical term or geographic name as entry element DERECHO DE FAMILIA
650 #0 - SUBJECT ADDED ENTRY--TOPICAL TERM
9 (RLIN) 4305
Topical term or geographic name as entry element DERECHO A LA IDENTIDAD DE GÉNERO
650 #0 - SUBJECT ADDED ENTRY--TOPICAL TERM
9 (RLIN) 614
Topical term or geographic name as entry element DERECHOS HUMANOS
650 #0 - SUBJECT ADDED ENTRY--TOPICAL TERM
9 (RLIN) 5662
Topical term or geographic name as entry element ADOLESCENTES
650 #0 - SUBJECT ADDED ENTRY--TOPICAL TERM
9 (RLIN) 4691
Topical term or geographic name as entry element AUTONOMÍA PROGRESIVA
650 #0 - SUBJECT ADDED ENTRY--TOPICAL TERM
9 (RLIN) 1057
Topical term or geographic name as entry element JURISPRUDENCIA APLICABLE
773 0# - HOST ITEM ENTRY
Host Biblionumber 2844
Host Itemnumber 3222
Place, publisher, and date of publication Buenos Aires : AbeledoPerrot, 1989-
Title Derecho de familia. Revista Interdisciplinaria de doctrina y jurisprudencia. Diciembre 2025-VI.
International Standard Book Number 18511201
942 ## - ADDED ENTRY ELEMENTS (KOHA)
Source of classification or shelving scheme
Koha item type Analítica Artículo de Revista

No hay ítems disponibles.

12 de Octubre 789 Ushuaia - Tel:  54(02901)441571
Horario de Atención: 8.00 a 17.00 hs. 
bibliotecaush@justierradelfuego.gov.ar
koha@justierradelfuego.gov.ar
Seguinos en nuestras redes @bibliojustdf 

Con tecnología Koha